Management organizování, rozhodování, ovlivňování
Salvato in:
| Autore principale: | |
|---|---|
| Natura: | Libro |
| Lingua: | ceco |
| Pubblicazione: |
Praha
Grada Publishing
2011
|
| Serie: | Expert
|
| Soggetti: | |
| Tags: |
Nessun Tag, puoi essere il primo ad aggiungerne!!
|
MARC
| LEADER | 00000nam a2200000 4500 | ||
|---|---|---|---|
| 001 | 0122051 | ||
| 005 | 20240226134149.6 | ||
| 020 | |a 978-80-247-3275-6 | ||
| 041 | 0 | |a cze | |
| 044 | |a CZ | ||
| 245 | 1 | 0 | |a Management |b organizování, rozhodování, ovlivňování |c Ladislav Blažek |
| 264 | 1 | |a Praha |b Grada Publishing |c 2011 | |
| 300 | |a 191 s. | ||
| 490 | 1 | |a Expert | |
| 830 | 0 | |a Expert | |
| 610 | 2 | 0 | |a manažment |
| 610 | 2 | 0 | |a riadenie |
| 610 | 2 | 0 | |a vývoj |
| 610 | 2 | 0 | |a podnik |
| 610 | 2 | 0 | |a organizácia |
| 610 | 2 | 0 | |a rozhodovanie |
| 610 | 2 | 0 | |a manažéri |
| 100 | 1 | |a Blažek, Ladislav | |